000 00473nam a2200193Ia 4500
003 OSt
005 20250825101824.0
008 250729s2006 xx 000 0 und d
020 _a978-8186804865
040 _cAL
041 _aeng
082 _a613 DASH
100 _aDash B N
_9222133
245 _aHealth and physical education
260 _aNew Delhi
_bNeelkamal Publication
_c2006
300 _a308p
650 _aPhysical Education
_9222134
942 _2ddc
_cBED
999 _c235317
_d235317